000 00785nam a22001817a 4500
003 UA-OsUOA
001 16213
007 ta
008 20031223b un ||||| |||| 00| 0 ukr d
100 _aКазимірський О.
942 _cSA
040 _aUA-OsUOA
_cUA-OsUOA
_dUA-OsUOA
245 _aЦе солодке слово "Перемога" !: [На Рівнен. мототреці відбувся матч-реванш між рівнен. клубом "Україна" та латвій. "Спідвей-Центром", який закінчився перемогою "України"]
300 _aС.8
955 _a0
773 0 _w0
_tВОЛИНЬ
_dРівне
_d2003
_g№42/ 17 жовт./
650 7 _aКраєзнавча робота
_2UDC
999 _c302378
_d302378